00675nam a2200157Ia 4500008004100000100002300041245004800064245016300112260005300275260000900328300001200337650001500349856006100364999001900425952007300444170221s9999 xx 000 0 und d aLarisa I. Tararina aQuality Management of Pedagogical Research  cLarisa I. Tararina, Nelli G. Atayanz, Andrey I. Timonin, Natalya V. Buldakоva, Tatiana A. Petrova, Elena V. Gunina, Tatyana V. Osokina, Alfiya M. Ishmuradova bInternational Review of Management and Marketing c2016 a15 : 16 xMarketing. uhttp://www.econjournals.com/index.php/irmm/issue/view/72 c312232d312232 001040aCLbCLd2017-02-21l0r2017-02-21 00:00:00w2017-02-21yFOJ